00378nam a2200145Ia 4500008004100000020001800041082001600059100001400075245005900089250000800148260002500156300001100181500002500192650001500217230524s9999 xx 000 0 und d a9780070583887 a610.28bRED aD.C.Reddy 0aBiomedical Signal Processing Principles and Techniques a1ST aNEW DELHIbTMHc2005 aIX;405 aQuantity Number: 12 aBiomedical